000 00330 a2200157 4500
001 186474
020 _a85-0281-0452-4
040 _cMagnum
100 _aRocha, Ruth
240 1 0 _aA rua do Marcelo
_lpor
245 1 0 _aA rua do Marcelo
300 _a24
440 1 _aSalamandra
697 _aLITERATURA INFANTIL
942 _cBK
999 _c186474
_d186474